Normal view MARC view
  • Guevara Niebla, Gilberto,

Entry Nombre Personal

Number of records used in: 40

001 - NUMERO DE CONTROL

  • campo de control: 28545

003 - IDENTIFICADOR DE NUMERO DE CONTROL

  • campo de control: DLC

005 - FECHA Y HORA DE LA ÜLTIMA TRANSACCIÓN

  • campo de control: 20220328133306.0

008 - DATOS DE LONGITUD FIJA

  • campo de control de longitud fija: 220328n| azannaabn |a aaa

010 ## - NÚMERO DE CONTROL DE LA BIBLIOTECA DEL CONGRESO

  • Número de control LC: n 82095294

035 ## - NUMERO DE CONTROL

  • Número de control: (OCoLC)oca00791902

035 ## - NUMERO DE CONTROL

  • Número de control: (CaEvSKY)skya1862894

040 ## - FUENTE DE CATALOGACIÓN

  • Agencia original de catalogación: DLC
  • Lenguaje de catalogación: spa
  • Description conventions: rda
  • Agencia de transcripción: DLC
  • Agencia que lo modifica: OCoLC
  • Agencia que lo modifica: MX-MxCID
  • Agencia que lo modifica: DLC
  • Agencia que lo modifica: MX-MxUPN

046 ## - FECHAS CON CODIFICACIÓN ESPECIAL

  • Fecha de nacimiento: 1944
  • Fuente del formato de fecha: edtf

100 1# - ENCABEZAMIENTO - NOMBRE PERSONAL

  • Nombre personal: Guevara Niebla, Gilberto,
  • Fechas asociadas con el nombre: 1944-

370 ## - LUGAR ASOCIADO

  • Place of birth: Culiacán (Sinaloa, México)
  • Fuente del término: naf

372 ## - CAMPO DE ACTIVIDAD

  • Field of activity: Educación--México
  • Fuente del término: lcsh

373 ## - GRUPO ASOCIADO

  • Associated group: University of London
  • Associated group: École des hautes études en sciences sociales
  • Associated group: Universidad Nacional Autónoma de México. Facultad de Filosofía y Letras
  • Fuente del término: naf

374 ## - OCUPACIÓN

  • Occupation: Profesor universitario

375 ## - GÉNERO

  • Gender: masculino
  • Fuente del término: lcdgt

377 ## - LENGUA ASOCIADA

  • Language code: spa

400 1# - VEÁSE - NOMBRE DE PERSONA

  • Personal name: Niebla, Gilberto Guevara,
  • Dates associated with a name: 1944-

400 1# - VEÁSE - NOMBRE DE PERSONA

  • Personal name: Guevara, Gilberto,
  • Dates associated with a name: 1944-

670 ## - FUENTE EN LA QUE SE LOCALIZARON DATOS

  • Cita de la fuente: La Crisis de la educación superior en México, 1981 (a.e.)
  • Información localizada: portada (Gilberto Guevara Niebla) página 331 (n. 1944, Culiacán [Mexico])

670 ## - FUENTE EN LA QUE SE LOCALIZARON DATOS

  • Cita de la fuente: En su obra: El saber y el poder, 1983:
  • Información localizada: portada (Gilberto Guevara)

670 ## - FUENTE EN LA QUE SE LOCALIZARON DATOS

  • Cita de la fuente: Democracia y educación, 1998:
  • Información localizada: título en página (Gilberto Guevara Niebla) página 83 (Gilberto Guevara Niebla; professional studies at the Universidad Nacional Autónoma de México, where he obtained a Bachelor's degree in Biology and a Master's degree in Sciences; specialized in education at the Institute of Education of the University of London and L'Ecole Hautes études en Sciences sociales in Paris; professor at the Faculty of Philosophy and Letters of UNAM)